000 00539nam a2200193Ia 4500
003 OSt
005 20260309103633.0
020 _a978-0-7817-9485-5
040 _cLC
050 _aQM 601 .L 35 2006
100 _aSADLER, T. W.
245 0 _aLANGMAN'S MEDICAL EMBRYOLOGY
250 _a10
260 _aPHILADELPHIA,
_bLIPPINCOTT WILLIAM & WILKINS,
_c2006,
300 _aXiii, 371 P, ILL
500 _aINCLUDES BIBLIOGRAPHICAL REFERENCES AND INDEX
700 _aLELAND JILL, SADDLER-REDMOND SUSAN L, TOSNEY KATHY
942 _cBK
_2lcc
999 _c193071
_d193071